[Event "DEM U12 2018"]
[Site "Willingen GER"]
[Date "2018.05.21"]
[Round "4"]
[White "Metzdorf, Matteo"]
[Black "Werner, Denis"]
[Result "1/2-1/2"]
[Termination "normal"]
[Board "6"]
[WhiteElo "1832"]
[BlackElo "1706"]
[WhiteClock "00:00:37"]
[BlackClock "00:58:11"]
[PlyCount "84"]
[WhiteFideId "16209869"]
[BlackFideId "16226429"]
[EventCountry "GER"]
[EventRounds "11"]
[EventType "swiss"]
[EventDate "2018.05.19"]

1. e4 {[%clk 1:15:57]} 1... c5 {[%clk 1:15:49]} 2. Nc3 {[%clk 1:16:13]} 2...
Nc6 {[%clk 1:15:43]} 3. g3 {[%clk 1:16:23]} 3... g6 {[%clk 1:15:32]} 4. Bg2 {
[%clk 1:16:44]} 4... Bg7 {[%clk 1:15:22]} 5. d3 {[%clk 1:17:05]} 5... e6 {
[%clk 1:15:00]} 6. Be3 {[%clk 1:17:19]} 6... d6 {[%clk 1:14:25]} 7. Qd2 { [%clk
1:17:39]} 7... Rb8 {[%clk 1:14:02]} 8. Nf3 {[%clk 1:16:44]} 8... Nd4 { [%clk
1:13:37]} 9. Bxd4 {[%clk 1:17:04]} 9... cxd4 {[%clk 1:12:48]} 10. Nb5 { [%clk
1:17:11]} 10... Qb6 {[%clk 1:11:52]} 11. Qb4 {[%clk 1:16:58]} 11... Bf8 { [%clk
1:10:34]} 12. Qxd4 {[%clk 1:10:01]} 12... Qxd4 {[%clk 1:10:43]} 13. Nbxd4
{[%clk 1:10:08]} 13... Bd7 {[%clk 1:10:37]} 14. O-O {[%clk 1:07:40]} 14... Bg7
{[%clk 1:10:19]} 15. c3 {[%clk 1:06:51]} 15... Ne7 {[%clk 1:10:01]} 16. Rfd1 {
[%clk 1:00:07]} 16... O-O {[%clk 1:09:06]} 17. Nc2 {[%clk 0:56:36]} 17... d5 {
[%clk 1:07:49]} 18. Ne3 {[%clk 0:52:19]} 18... Bc6 {[%clk 1:06:53]} 19. exd5 {
[%clk 0:46:00]} 19... Nxd5 {[%clk 1:07:09]} 20. Nxd5 {[%clk 0:45:10]} 20...
Bxd5 {[%clk 1:07:19]} 21. d4 {[%clk 0:41:46]} 21... Rfd8 {[%clk 1:05:57]} 22.
Re1 {[%clk 0:30:31]} 22... Bxf3 {[%clk 1:04:10]} 23. Bxf3 {[%clk 0:30:25]}
23... Bh6 {[%clk 1:04:26]} 24. Rad1 {[%clk 0:23:32]} 24... b6 {[%clk 1:03:58]}
25. Re2 {[%clk 0:19:31]} 25... Rbc8 {[%clk 1:03:33]} 26. Ree1 {[%clk 0:13:02]}
26... Rb8 {[%clk 1:01:49]} 27. d5 {[%clk 0:12:11]} 27... exd5 {[%clk 1:01:41]}
28. Bxd5 {[%clk 0:11:30]} 28... Re8 {[%clk 1:01:51]} 29. c4 {[%clk 0:10:34]}
29... Bg7 {[%clk 1:01:45]} 30. b3 {[%clk 0:10:27]} 30... Bc3 {[%clk 1:01:22]}
31. Re3 {[%clk 0:09:05]} 31... Bb4 {[%clk 1:01:48]} 32. Rf3 {[%clk 0:07:44]}
32... Re7 {[%clk 1:02:05]} 33. Kg2 33... Kg7 {[%clk 1:01:03]} 34. Bc6 { [%clk
0:04:35]} 34... Rc8 {[%clk 1:00:28]} 35. Bb5 {[%clk 0:04:19]} 35... Rcc7 {[%clk
0:57:36]} 36. Re3 {[%clk 0:03:03]} 36... Bc5 {[%clk 0:57:56]} 37. Rxe7 { [%clk
0:02:41]} 37... Rxe7 {[%clk 0:58:20]} 38. Rd7 {[%clk 0:01:49]} 38... a5 { [%clk
0:57:07]} 39. Rxe7 {[%clk 0:00:42]} 39... Bxe7 {[%clk 0:57:30]} 40. Kf3 { [%clk
0:00:46]} 40... Bc5 {[%clk 0:57:51]} 41. Ke2 {[%clk 0:00:38]} 41... Kf6 { [%clk
0:58:11]} 42. Bc6 {[%clk 0:00:37]} 42... Ke5 1/2-1/2

[Event "DEM U12 2018"]
[Site "Willingen GER"]
[Date "2018.05.21"]
[Round "4"]
[White "Duduka, Artem"]
[Black "Hecht, Jonas Christian"]
[Result "1/2-1/2"]
[Termination "normal"]
[Board "13"]
[WhiteElo "1598"]
[BlackElo "1678"]
[PlyCount "41"]
[WhiteFideId "14194805"]
[BlackFideId "16214846"]
[EventCountry "GER"]
[EventRounds "11"]
[EventType "swiss"]
[EventDate "2018.05.19"]

1. e4 c5 2. Nf3 Nc6 3. Bb5 g6 4. Bxc6 dxc6 5. O-O Bg7 6. c3 Nf6 7. Re1 O-O 8.
d4 cxd4 9. cxd4 Bg4 10. e5 Nd5 11. h3 Bxf3 12. Qxf3 e6 13. Nc3 Nxc3 14. bxc3
Qd7 15. Ba3 Rfd8 16. Bd6 Qe8 17. Rab1 Rd7 18. Rb3 Bf8 19. Bxf8 Qxf8 20. Reb1
Rb8 21. Qf4 1/2-1/2

[Event "DEM U12 2018"]
[Site "Willingen GER"]
[Date "2018.05.21"]
[Round "4"]
[White "Ljuca, Semir"]
[Black "Weidenhöfer, Max"]
[Result "0-1"]
[Termination "normal"]
[Board "14"]
[WhiteElo "1344"]
[BlackElo "1709"]
[PlyCount "50"]
[WhiteFideId "16216130"]
[BlackFideId "16230566"]
[EventCountry "GER"]
[EventRounds "11"]
[EventType "swiss"]
[EventDate "2018.05.19"]

1. e4 c6 2. d4 d5 3. Nc3 dxe4 4. Nxe4 Bf5 5. Ng3 Bg6 6. Nh3 e6 7. Nf4 Bd6 8.
Nxg6 hxg6 9. Ne4 Be7 10. Be3 Nd7 11. Qd2 Ngf6 12. f3 Nd5 13. Bf2 N7f6 14. O-O-O
Nxe4 15. fxe4 Bg5 16. exd5 Bxd2+ 17. Rxd2 Qxd5 18. c4 Qd7 19. d5 cxd5 20. cxd5
Rc8+ 21. Kb1 O-O 22. h4 exd5 23. Bd3 Qc7 24. h5 gxh5 25. Rxh5 Qc1# 0-1

[Event "DEM U12 2018"]
[Site "Willingen GER"]
[Date "2018.05.21"]
[Round "4"]
[White "Felten, Maximilian"]
[Black "Gluma, Christian"]
[Result "0-1"]
[Termination "normal"]
[Board "15"]
[WhiteElo "1664"]
[BlackElo "1601"]
[PlyCount "60"]
[WhiteFideId "4004949"]
[BlackFideId "16223209"]
[EventCountry "GER"]
[EventRounds "11"]
[EventType "swiss"]
[EventDate "2018.05.19"]

1. d4 d5 2. Nf3 Nf6 3. e3 e6 4. Bd3 c5 5. b3 Nc6 6. a3 Bd7 7. Bb2 Bd6 8. O-O
O-O 9. Nbd2 Rc8 10. Ne5 Qc7 11. f4 Rfd8 12. Rf3 cxd4 13. exd4 Qb6 14. Nxc6 bxc6
15. c4 c5 16. dxc5 Bxc5+ 17. Kf1 Ng4 18. Rh3 Ne3+ 19. Rxe3 Bxe3 20. b4 dxc4 21.
Nxc4 Rxc4 22. Bxc4 Bb5 23. Qc2 Rc8 24. Qc3 Bxc4+ 25. Ke1 Bf2+ 26. Kd1 Be2+ 27.
Kxe2 Rxc3 28. Bxc3 Qe3+ 29. Kf1 Qxc3 30. Rd1 Bb6 0-1

[Event "DEM U12 2018"]
[Site "Willingen GER"]
[Date "2018.05.21"]
[Round "4"]
[White "Movsisyan, Andranik"]
[Black "Hoke, Adrian Neo"]
[Result "1/2-1/2"]
[Termination "normal"]
[Board "16"]
[WhiteElo "1654"]
[BlackElo "1628"]
[PlyCount "54"]
[WhiteFideId "16240391"]
[BlackFideId "16218264"]
[EventCountry "GER"]
[EventRounds "11"]
[EventType "swiss"]
[EventDate "2018.05.19"]

1. e4 e5 2. Nf3 Nc6 3. Bc4 Bc5 4. d3 d6 5. h3 h6 6. Nc3 Nf6 7. Be3 Bb6 8. Qd2
O-O 9. g4 Bxe3 10. fxe3 Be6 11. Bxe6 fxe6 12. Qg2 Nh7 13. O-O-O Ng5 14. Nxg5
Qxg5 15. Rde1 Qe7 16. h4 g6 17. h5 g5 18. Ref1 a6 19. Qd2 Rxf1+ 20. Rxf1 Rf8
21. Qd1 Rxf1 22. Qxf1 Qf7 23. Qxf7+ Kxf7 24. Kd2 Ne7 25. d4 Ng8 26. Nd1 Nf6 27.
Nf2 Ke7 1/2-1/2

[Event "DEM U12 2018"]
[Site "Willingen GER"]
[Date "2018.05.21"]
[Round "4"]
[White "Klugstedt, Vincent"]
[Black "Halabi, Ibrahim"]
[Result "1/2-1/2"]
[Termination "normal"]
[Board "17"]
[WhiteElo "1810"]
[BlackElo "1701"]
[PlyCount "114"]
[WhiteFideId "16216393"]
[BlackFideId "16241754"]
[EventCountry "GER"]
[EventRounds "11"]
[EventType "swiss"]
[EventDate "2018.05.19"]

1. d4 d5 2. c4 c6 3. Nc3 Nf6 4. Nf3 e6 5. cxd5 exd5 6. Qc2 Be7 7. Bg5 Nbd7 8.
e3 h6 9. Bh4 O-O 10. Bd3 c5 11. dxc5 Nxc5 12. O-O Nxd3 13. Qxd3 Be6 14. Rfd1
Rc8 15. Rab1 b6 16. h3 Qe8 17. Bxf6 Bxf6 18. Nxd5 Bxd5 19. Qxd5 Qa4 20. Qb3
Qxb3 21. axb3 Rc2 22. Nd4 Bxd4 23. Rxd4 Rfc8 24. Kf1 R8c7 25. Ke1 Kf8 26. Rd2
R2c5 27. Rbd1 Rb5 28. Rd3 Ke7 29. Kd2 Rbc5 30. Rc3 Ke6 31. Rdc1 Rd7+ 32. Ke2
Rcd5 33. R1c2 a5 34. Rc6+ R5d6 35. Rxd6+ Rxd6 36. f3 g6 37. e4 f5 38. Rc4 f4
39. b4 axb4 40. Rxb4 Ke5 41. Rb3 g5 42. Rd3 Rd4 43. Rxd4 Kxd4 44. Kd2 Kc4 45.
Kc2 b5 46. e5 Kd5 47. Kb3 Kxe5 48. Kb4 Kd4 49. Kxb5 Ke3 50. b4 Kf2 51. Kc6 Kxg2
52. b5 Kxf3 53. b6 Kg3 54. b7 Kxh3 55. b8=Q f3 56. Qf8 g4 57. Qxh6+ Kg2 1/2-1/2

[Event "DEM U12 2018"]
[Site "Willingen GER"]
[Date "2018.05.21"]
[Round "4"]
[White "Tovmasyan, Minas"]
[Black "Garner, Isaac"]
[Result "0-1"]
[Termination "normal"]
[Board "18"]
[WhiteElo "1480"]
[BlackElo "1751"]
[PlyCount "76"]
[WhiteFideId "16247620"]
[BlackFideId "16239261"]
[EventCountry "GER"]
[EventRounds "11"]
[EventType "swiss"]
[EventDate "2018.05.19"]

1. d4 d5 2. c4 e6 3. Nc3 Nf6 4. Nf3 dxc4 5. Qa4+ c6 6. Qxc4 b5 7. Qb3 Nbd7 8.
e3 a6 9. Be2 c5 10. dxc5 Bxc5 11. O-O O-O 12. Qc2 Bb7 13. a3 b4 14. Na2 a5 15.
axb4 axb4 16. b3 Qe7 17. Bb2 Rfc8 18. Qd1 e5 19. Nc1 Rxa1 20. Bxa1 Nd5 21. Bc4
N5b6 22. Be2 Bd6 23. Nd2 e4 24. Bb2 Ne5 25. Bxe5 Qxe5 26. g3 Bd5 27. Nc4 Nxc4
28. Bxc4 Bxc4 29. bxc4 Rxc4 30. Qb3 Qc3 31. Qxc3 Rxc3 32. Ne2 Rd3 33. Rb1 Ra3
34. Nd4 Kf8 35. Kf1 Ke8 36. Nc6 Ra6 37. Nd4 Kd7 38. Nb3 Kc6 0-1

[Event "DEM U12 2018"]
[Site "Willingen GER"]
[Date "2018.05.21"]
[Round "4"]
[White "Hagenbeck-Hübert, Ben"]
[Black "Morczynski, Joachim"]
[Result "1-0"]
[Termination "normal"]
[Board "19"]
[WhiteElo "1760"]
[BlackElo "1665"]
[PlyCount "61"]
[WhiteFideId "16230779"]
[BlackFideId "16209745"]
[EventCountry "GER"]
[EventRounds "11"]
[EventType "swiss"]
[EventDate "2018.05.19"]

1. e4 d6 2. d4 Nf6 3. Nc3 g6 4. Nf3 Bg7 5. Bf4 O-O 6. h3 c6 7. Be2 b5 8. a3
Nbd7 9. O-O Qc7 10. Re1 e5 11. Bh2 a6 12. Qd2 Re8 13. dxe5 dxe5 14. Rad1 Bb7
15. Qd6 Qxd6 16. Rxd6 c5 17. Red1 Rad8 18. Nxe5 Bf8 19. Nxd7 Rxd7 20. Rxd7 Nxd7
21. Rxd7 Bxe4 22. Nxe4 Rxe4 23. Kf1 Re8 24. Bd6 Bg7 25. b3 Bd4 26. Rc7 Be5 27.
Bxe5 Rxe5 28. Rc6 Re6 29. Rxe6 fxe6 30. Bf3 a5 31. Ke2 1-0

[Event "DEM U12 2018"]
[Site "Willingen GER"]
[Date "2018.05.21"]
[Round "4"]
[White "Amato, Cristiano"]
[Black "Kort, Felix"]
[Result "1/2-1/2"]
[Termination "normal"]
[Board "20"]
[WhiteElo "1681"]
[BlackElo "1672"]
[PlyCount "77"]
[WhiteFideId "12998460"]
[BlackFideId "16220129"]
[EventCountry "GER"]
[EventRounds "11"]
[EventType "swiss"]
[EventDate "2018.05.19"]

1. e4 e5 2. Nf3 Nc6 3. Bb5 a6 4. Ba4 Nf6 5. Qe2 b5 6. Bb3 Be7 7. a4 Bb7 8. O-O
O-O 9. Nc3 b4 10. Nd5 d6 11. d3 Na5 12. Nxf6+ Bxf6 13. Ba2 g6 14. Be3 c5 15.
Nd2 Bg7 16. f4 exf4 17. Rxf4 Be5 18. Rf3 Bc8 19. Raf1 Qh4 20. g3 Qg4 21. Rxf7
Rxf7 22. Qxg4 Bxg4 23. Rxf7 b3 24. Nxb3 Kxf7 25. Nxa5+ Kg7 26. Nc4 Rb8 27. Nxe5
dxe5 28. Bb3 Bd1 29. Kf1 c4 30. dxc4 Rxb3 31. cxb3 Bxb3 32. c5 Bxa4 33. Ke2
Bb5+ 34. Kd2 Kf7 35. Kc3 Ke6 36. Kb4 Kd7 37. Ka5 Kc6 38. b4 Bd3 39. Bg5 1/2-1/2

[Event "DEM U12 2018"]
[Site "Willingen GER"]
[Date "2018.05.21"]
[Round "4"]
[White "Hänselmann, Hendrik"]
[Black "Schwartz, Oliver"]
[Result "1-0"]
[Termination "normal"]
[Board "21"]
[WhiteElo "1713"]
[BlackElo "1651"]
[PlyCount "75"]
[WhiteFideId "16232755"]
[BlackFideId "16207459"]
[EventCountry "GER"]
[EventRounds "11"]
[EventType "swiss"]
[EventDate "2018.05.19"]

1. e4 c5 2. Nf3 Nc6 3. d4 cxd4 4. Nxd4 Nf6 5. Nc3 e5 6. Ndb5 d6 7. Bg5 a6 8.
Na3 b5 9. Nd5 Be7 10. Bxf6 Bxf6 11. c4 b4 12. Nc2 a5 13. Be2 Bg5 14. O-O O-O
15. Qd3 Be6 16. Bf3 Ra7 17. Rad1 Rd7 18. b3 g6 19. Qe2 Nb8 20. Rfe1 f5 21. exf5
gxf5 22. Nd4 exd4 23. Qxe6+ Kh8 24. Qe2 Rg7 25. Rxd4 Nc6 26. Rdd1 Ne5 27. h3
Bh4 28. Nf4 Qe7 29. c5 Re8 30. Bh5 Ng6 31. Qxe7 Rexe7 32. Rxe7 Bxe7 33. Bxg6
hxg6 34. Ne6 Rg8 35. cxd6 Bd8 36. d7 Kh7 37. Rc1 g5 38. Rc8 1-0

[Event "DEM U12 2018"]
[Site "Willingen GER"]
[Date "2018.05.21"]
[Round "4"]
[White "Wildermuth, Nikolas Karl"]
[Black "Phan Trong, Dai"]
[Result "0-1"]
[Termination "normal"]
[Board "23"]
[WhiteElo "1495"]
[BlackElo "1579"]
[PlyCount "78"]
[WhiteFideId "16244699"]
[BlackFideId "16236939"]
[EventCountry "GER"]
[EventRounds "11"]
[EventType "swiss"]
[EventDate "2018.05.19"]

1. e4 e5 2. Nf3 Nc6 3. Bb5 a6 4. Ba4 Nf6 5. d3 d6 6. c3 b5 7. Bb3 Be7 8. Nbd2
O-O 9. O-O Na5 10. Bc2 c5 11. Re1 Nc6 12. Nf1 Be6 13. Ng3 Qd7 14. Bg5 h6 15.
Bd2 Nh7 16. h3 Ng5 17. Bxg5 hxg5 18. d4 g4 19. d5 gxf3 20. dxc6 Qxc6 21. Qxf3
g6 22. Kh2 Kg7 23. Rh1 Rh8 24. Kg1 Rh4 25. Nf1 Rah8 26. Qe3 g5 27. Nd2 g4 28.
Kf1 gxh3 29. g3 Rg4 30. Nf3 f5 31. Nh2 Rg6 32. Ke2 Rf8 33. Nf1 f4 34. Qd2 fxg3
35. Nxg3 Bc4+ 36. Bd3 Rxg3 37. fxg3 Qxe4+ 38. Qe3 Bxd3+ 39. Kd2 Qg2+ 0-1

[Event "DEM U12 2018"]
[Site "Willingen GER"]
[Date "2018.05.21"]
[Round "4"]
[White "Sinnhöfer, Joshua"]
[Black "Niemann, Leon"]
[Result "0-1"]
[Termination "normal"]
[Board "24"]
[WhiteElo "1536"]
[BlackElo "1563"]
[PlyCount "64"]
[WhiteFideId "16201361"]
[BlackFideId "16218388"]
[EventCountry "GER"]
[EventRounds "11"]
[EventType "swiss"]
[EventDate "2018.05.19"]

1. e4 c5 2. Nf3 Nc6 3. d4 cxd4 4. Nxd4 g6 5. c4 Nf6 6. Nc3 d6 7. Be2 Nxd4 8.
Qxd4 Bg7 9. Bg5 O-O 10. O-O Be6 11. Qd2 Rc8 12. b3 Re8 13. Rad1 Qa5 14. f4 Ng4
15. Nd5 Qxd2 16. Rxd2 Bxd5 17. Bxg4 Be6 18. Bxe6 fxe6 19. Kf2 Rc7 20. Ke3 h6
21. Bh4 Kf7 22. g4 a6 23. Bg3 b5 24. Rc2 bxc4 25. bxc4 Rb8 26. Rff2 Rb1 27.
Rfd2 Rc5 28. Kd3 Ra5 29. e5 Rc5 30. Bf2 Rc6 31. c5 dxe5 32. Rb2 e4+ 0-1

[Event "DEM U12 2018"]
[Site "Willingen GER"]
[Date "2018.05.21"]
[Round "4"]
[White "Gerdes, Jannes"]
[Black "Schulemann, Gero"]
[Result "0-1"]
[Termination "normal"]
[Board "25"]
[WhiteElo "1492"]
[BlackElo "1700"]
[PlyCount "105"]
[WhiteFideId "16254627"]
[BlackFideId "16227646"]
[EventCountry "GER"]
[EventRounds "11"]
[EventType "swiss"]
[EventDate "2018.05.19"]

1. e4 e5 2. Nf3 Nc6 3. Bc4 Bc5 4. Nc3 Nf6 5. d3 Na5 6. Nxe5 Nxc4 7. Nxc4 d5 8.
exd5 Nxd5 9. Ne4 Be7 10. O-O Be6 11. Re1 O-O 12. Kh1 Nf6 13. Ng3 Ng4 14. Qe2
Bc5 15. Ne3 Re8 16. d4 Qxd4 17. Nxg4 Bxg4 18. Qxe8+ Rxe8 19. Rxe8+ Bf8 20. Be3
Qxb2 21. Rc1 f6 22. Rb8 Kf7 23. a4 Bc5 24. Bd2 Bxf2 25. Nf1 c5 26. a5 c4 27. a6
b5 28. h4 c3 29. Bf4 h6 30. Nh2 Be2 31. h5 Ke6 32. Re8+ Kf7 33. Rxe2 Bc5 34.
Nf3 Qa3 35. Ne1 Qxa6 36. Nd3 Qa4 37. Nxc5 Qxf4 38. Nd3 Qh4+ 39. Kg1 Qxh5 40.
Rf2 a5 41. Rb1 a4 42. Ra1 Qd5 43. Ra3 Qe6 44. Rxc3 b4 45. Rc7+ Kf8 46. Rb7 b3
47. cxb3 axb3 48. Rb2 Qe3+ 49. Nf2 Qe1+ 50. Kh2 Qe5+ 51. Kh1 Qxb2 52. Nh3 Qc1+
53. Kh2 0-1

[Event "DEM U12 2018"]
[Site "Willingen GER"]
[Date "2018.05.21"]
[Round "4"]
[White "May, Alexander"]
[Black "Huo, Da"]
[Result "0-1"]
[Termination "normal"]
[Board "27"]
[WhiteElo "1373"]
[BlackElo "1686"]
[PlyCount "94"]
[WhiteFideId "16244974"]
[BlackFideId "16221206"]
[EventCountry "GER"]
[EventRounds "11"]
[EventType "swiss"]
[EventDate "2018.05.19"]

1. c4 e5 2. Nc3 Nf6 3. g3 d5 4. cxd5 Nxd5 5. Bg2 Nb6 6. e4 Nc6 7. Nge2 Bg4 8.
d3 Bc5 9. O-O Qd7 10. a3 O-O-O 11. b4 Be7 12. f3 Be6 13. b5 Nd4 14. a4 Nxe2+
15. Nxe2 Qxd3 16. Bb2 Qe3+ 17. Kh1 Rxd1 18. Raxd1 Qxe2 19. Bxe5 Nc4 20. Rde1
Qd2 21. Bf4 Qb4 22. Ra1 h6 23. g4 Bg5 24. Bg3 Bf6 25. Rab1 Qxa4 26. Rfc1 Bb2
27. Rf1 Qxb5 28. Rbe1 a5 29. Rg1 a4 30. Bf1 Qb3 31. Bg2 a3 32. Rb1 a2 33. Rbd1
Ne3 34. Rde1 Nxg2 35. Kxg2 Qc3 36. Bf4 a1=Q 37. Rxa1 Bxa1 38. Rc1 Qxc1 39. Bxc1
Rd8 40. Kg3 b5 41. Kf4 b4 42. h4 b3 43. g5 b2 44. Bxb2 Bxb2 45. h5 hxg5+ 46.
Kxg5 c5 47. f4 Bf6# 0-1

[Event "DEM U12 2018"]
[Site "Willingen GER"]
[Date "2018.05.21"]
[Round "4"]
[White "Hochlenert, Ben"]
[Black "Dornheim, Carl Friedrich"]
[Result "1/2-1/2"]
[Termination "normal"]
[Board "28"]
[WhiteElo "1023"]
[BlackElo "1441"]
[PlyCount "107"]
[WhiteFideId "16265980"]
[BlackFideId "16252314"]
[EventCountry "GER"]
[EventRounds "11"]
[EventType "swiss"]
[EventDate "2018.05.19"]

1. e4 c5 2. Nc3 d6 3. Bc4 a6 4. a4 Nf6 5. Nf3 Nc6 6. d3 e6 7. Bd2 Be7 8. O-O
O-O 9. Re1 d5 10. exd5 exd5 11. Ba2 Bg4 12. h3 Bh5 13. Bg5 d4 14. Bxf6 Bxf6 15.
Nd5 Qd6 16. Nb6 Rae8 17. Rxe8 Rxe8 18. Nc4 Qc7 19. Ncd2 Ne5 20. Kf1 Qc6 21. g4
Bg6 22. Nxe5 Qh1+ 23. Ke2 Rxe5+ 24. Ne4 Qxd1+ 25. Kxd1 Bxe4 26. dxe4 Rxe4 27.
Bd5 Re7 28. Kd2 Kf8 29. Re1 Bg5+ 30. Kd1 Rxe1+ 31. Kxe1 b6 32. Bb7 a5 33. Ke2
Ke7 34. Kd3 Kd6 35. Ba6 f6 36. Bc8 Kd5 37. Bb7+ Kd6 38. Bf3 Bc1 39. b3 Bg5 40.
Be4 h6 41. Bg6 Kc7 42. f3 Kd6 43. Ke4 Ke6 44. Bf5+ Kd6 45. Bg6 Be3 46. Bh7 Bg1
47. Bg6 Bh2 48. f4 Bg3 49. Bh5 g5 50. f5 Kc6 51. Be8+ Kd6 52. Bb5 Bh2 53. Bc4
Bf4 54. Bd5 1/2-1/2

[Event "DEM U12 2018"]
[Site "Willingen GER"]
[Date "2018.05.22"]
[Round "5"]
[White "Haack, Kevin"]
[Black "Tham, Nam"]
[Result "0-1"]
[Termination "normal"]
[Board "1"]
[WhiteElo "1846"]
[BlackElo "1866"]
[WhiteClock "00:07:07"]
[BlackClock "00:37:52"]
[PlyCount "114"]
[WhiteFideId "16228715"]
[BlackFideId "12997331"]
[EventCountry "GER"]
[EventRounds "11"]
[EventType "swiss"]
[EventDate "2018.05.19"]

1. c4 {[%clk 1:15:59]} 1... e5 {[%clk 1:15:55]} 2. g3 {[%clk 1:16:25]} 2... Nf6
{[%clk 1:16:21]} 3. Bg2 {[%clk 1:16:54]} 3... Nc6 {[%clk 1:16:44]} 4. d3 {
[%clk 1:17:09]} 4... Bc5 {[%clk 1:17:07]} 5. Nc3 {[%clk 1:17:27]} 5... d6 {
[%clk 1:17:28]} 6. Nf3 {[%clk 1:17:47]} 6... O-O {[%clk 1:17:51]} 7. O-O {
[%clk 1:18:06]} 7... Be6 {[%clk 1:18:12]} 8. a3 {[%clk 1:17:56]} 8... a6 {
[%clk 1:18:37]} 9. b4 {[%clk 1:18:05]} 9... Ba7 {[%clk 1:19:03]} 10. Rb1 {
[%clk 1:18:16]} 10... h6 {[%clk 1:18:13]} 11. Bd2 {[%clk 1:14:22]} 11... Ne7 {
[%clk 1:17:52]} 12. Qc2 {[%clk 1:12:37]} 12... Ng6 {[%clk 1:17:57]} 13. Rfc1 {
[%clk 1:10:37]} 13... c6 {[%clk 1:14:12]} 14. b5 {[%clk 1:05:32]} 14... axb5 {
[%clk 1:12:11]} 15. cxb5 {[%clk 1:05:50]} 15... c5 {[%clk 1:12:34]} 16. Rb2 {
[%clk 1:01:43]} 16... Rc8 {[%clk 1:06:26]} 17. Rcb1 {[%clk 0:59:50]} 17... b6 {
[%clk 1:06:24]} 18. a4 {[%clk 0:56:30]} 18... d5 {[%clk 1:06:13]} 19. Nd1 {
[%clk 0:52:42]} 19... Qd6 {[%clk 1:04:49]} 20. a5 {[%clk 0:51:31]} 20... Rfd8 {
[%clk 1:02:35]} 21. Ra1 {[%clk 0:48:05]} 21... Ra8 {[%clk 1:01:37]} 22. Rba2 {
[%clk 0:46:54]} 22... e4 {[%clk 1:00:46]} 23. Ne1 {[%clk 0:45:43]} 23... d4 {
[%clk 0:55:30]} 24. Ra3 {[%clk 0:43:37]} 24... exd3 {[%clk 0:54:36]} 25. exd3 {
[%clk 0:43:40]} 25... Bd5 {[%clk 0:54:56]} 26. axb6 {[%clk 0:41:35]} 26... Qxb6
{[%clk 0:46:19]} 27. Ba5 {[%clk 0:41:22]} 27... Qe6 {[%clk 0:45:43]} 28. Nc3 {
[%clk 0:26:44]} 28... Re8 {[%clk 0:44:03]} 29. Nxd5 {[%clk 0:26:37]} 29... Nxd5
{[%clk 0:43:38]} 30. Qc4 {[%clk 0:24:50]} 30... Nge7 {[%clk 0:43:22]} 31. Nc2 {
[%clk 0:22:53]} 31... Rab8 {[%clk 0:41:52]} 32. Bc7 {[%clk 0:18:00]} 32... Nxc7
{[%clk 0:41:31]} 33. Rxa7 {[%clk 0:17:53]} 33... Nxb5 {[%clk 0:41:27]} 34. R7a5
{[%clk 0:16:43]} 34... Qxc4 {[%clk 0:35:43]} 35. dxc4 {[%clk 0:17:10]} 35... d3
{[%clk 0:35:41]} 36. cxb5 {[%clk 0:17:03]} 36... dxc2 {[%clk 0:35:49]} 37. Rc1
{[%clk 0:17:19]} 37... Nf5 {[%clk 0:35:43]} 38. Rxc2 {[%clk 0:16:34]} 38...
Re1+ {[%clk 0:35:32]} 39. Bf1 {[%clk 0:17:02]} 39... Nd4 {[%clk 0:35:54]} 40.
Rb2 {[%clk 0:16:18]} 40... c4 {[%clk 0:34:46]} 41. Rba2 {[%clk 0:08:45]} 41...
c3 {[%clk 0:34:07]} 42. Ra1 {[%clk 0:08:58]} 42... Ree8 {[%clk 0:26:35]} 43.
Bc4 {[%clk 0:00:34]} 43... c2 {[%clk 0:25:32]} 44. Kf1 {[%clk 0:14:23]} 44...
Nf3 {[%clk 0:39:45]} 45. R5a4 {[%clk 0:12:04]} 45... Rbc8 {[%clk 0:39:30]} 46.
Rc1 46... Nd2+ {[%clk 0:39:24]} 47. Kg2 {[%clk 0:05:54]} 47... Nxc4 { [%clk
0:39:45]} 48. Ra2 {[%clk 0:05:54]} 48... Re2 {[%clk 0:39:32]} 49. Kf3 { [%clk
0:05:17]} 49... Rd2 {[%clk 0:39:33]} 50. b6 {[%clk 0:05:22]} 50... Nxb6 { [%clk
0:39:49]} 51. Ke3 {[%clk 0:05:45]} 51... Nc4+ {[%clk 0:40:16]} 52. Ke4 { [%clk
0:05:53]} 52... Re8+ {[%clk 0:37:54]} 53. Kf4 {[%clk 0:06:10]} 53... Rxf2+
{[%clk 0:38:05]} 54. Kg4 {[%clk 0:06:28]} 54... Ree2 {[%clk 0:37:42]} 55. h4
{[%clk 0:06:34]} 55... Kh7 {[%clk 0:37:25]} 56. Rh1 {[%clk 0:06:43]} 56... f5+
{[%clk 0:37:27]} 57. Kh3 {[%clk 0:07:07]} 57... Rh2+ {[%clk 0:37:52]} 0-1